Science policy in the ussr

Gespeichert in:
Bibliographische Detailangaben
Format: Buch
Sprache:Undetermined
Veröffentlicht: New York Organisation for Economic Cooperation and Development 1969
Schlagworte:
Tags: Tag hinzufügen
Keine Tags, Fügen Sie den ersten Tag hinzu!
Thư viện lưu trữ: Trung tâm Học liệu Trường Đại học Cần Thơ
LEADER 00460nam a2200157Ia 4500
001 CTU_78563
008 210402s9999 xx 000 0 und d
082 |a 338.9 
082 |b S416 
245 0 |a Science policy in the ussr 
245 0 |c E. Zaleski ... [et al.] 
260 |a New York 
260 |b Organisation for Economic Cooperation and Development 
260 |c 1969 
650 |a Science and state 
980 |a Trung tâm Học liệu Trường Đại học Cần Thơ